Normal view
MARC view
- Horn, J. S
Entry Personal Name
001 - CONTROL NUMBER
- control field: 79125
003 - CONTROL NUMBER IDENTIFIER
- control field: OSt
005 - DATE AND TIME OF LATEST TRANSACTION
- control field: 20220806113944.0
008 - FIXED-LENGTH DATA ELEMENTS
- fixed length control field: 220806|| aca||aabn | a|a d
040 ## - CATALOGING SOURCE
- Original cataloging agency: OSt
- Transcribing agency: OSt
100 ## - HEADING--PERSONAL NAME
- Personal name: Horn, J. S
670 ## - SOURCE DATA FOUND
- Source citation: Work cat.: (OSt)43806: Horn, J. S., Away With All Pests: An English Surgeon In Peoples China: 1954-1969, 2010